Asamblea de socios o accionistas en las sociedades mercantiles 2018

Bibliographic Details
Main Author: Ruiz Rojas, Reň
Format: eBook
Language:Spanish
Published: Ciudad de Mx̌ico: Ediciones Fiscales ISEF, 2018
Subjects:
Online Access:Acceso restringido

MARC

LEADER 00000nam a22000007a 4500
005 20180720213313.0
007 cr|||| ||||
008 180720s2018 mx |||||s|||| 00||0 spa d
020 |a 978-607-406-817-7 
035 |a 21862 
040 |a vLex 
090 |c 8070  |d 8070 
100 1 |a Ruiz Rojas, Reň 
245 1 0 |a Asamblea de socios o accionistas en las sociedades mercantiles 2018  |h [Recurso electrn̤ico] /  |c Ren ̌Ruiz Rojas 
256 |a Servicio en ln̕ea 
260 |a Ciudad de Mx̌ico:  |b Ediciones Fiscales ISEF,  |c 2018 
300 |a 1 recurso electrn̤ico 
500 |a Este libro contiene las normas a que deben sujetarse las sociedades ann̤imas y, en forma automt̀ica, a la comandita por acciones y de responsabilidad limitada, recomendando que los estatutos constitutivos y las disposiciones contenidas en la Ley General de Sociedades Mercantiles representen la base a que deben someterse los socios o accionistas para evitar caer en una serie de errores comunes; no respetar el procedimiento de la asamblea tiene aparejado consecuencias legales. 
506 1 |a Disponible solo en los productos indicados  |d vLex Global  |d vLex Global (Academic Edition, excluding Law Schools)  |d vLex Global (U.S. Academic Edition, Law Schools)  |d vLex Global (U.S. Academic Edition, excluding Law Schools)  |d vLex Global (Academic Edition, Law Schools) 
650 0 4 |a Derecho Mercantil y de la Empresa  |z Mx̌ico 
740 0 |a vLex Libros (Servicio en ln̕ea) 
856 4 0 |u http://vlex.com/source/asamblea-de-socios-o-accionistas-en-las-sociedades-mercantiles-2018-21862  |z Acceso restringido 
942 |c BOOK 
999 0 |a Commercial and Company Law